000
00223nam a2200097Ia 4500
008
120527s9999 xx 000 0 und d
100
_a
POST,James E.
245
_a
Business and society.
260
_b
Mcgraw-hill
942
_c
BK
999
_c
24162
_d
24162